La historia de la salvación en la Carta a los romanos /
Estudio que analiza el tema de la salvación del que escribe el apóstol Pablo en su carta que dirige a los romanos, la cual ha influido no sólo en la doctrina de la Iglesia católica, sino en la gestación de la teología de Lutero, Calvino y Melanchton. Las cuestiones que aborda el autor tratan sobre e...
Đã lưu trong:
| Tác giả chính: | |
|---|---|
| Định dạng: | Sách |
| Ngôn ngữ: | Tiếng Tây Ban Nha |
| Được phát hành: |
Salamanca, España :
Sígueme,
1967, c1967
|
| Loạt: | (Nueva Alianza ;
10) |
| Những chủ đề: | |
| Các nhãn: |
Không có thẻ, Là người đầu tiên thẻ bản ghi này!
|
MARC
| LEADER | 00000nam^a2200000^a^4500 | ||
|---|---|---|---|
| 001 | 000411750 | ||
| 005 | 20250521000000.0 | ||
| 009 | 20260310122121.941 | ||
| 037 | |a Acervo Xavier Clavigero | ||
| 041 | |a ESP | ||
| 082 | |a 227. 106 |b LYO | ||
| 100 | |a Lyonnet, Stanislas |e (autor) | ||
| 245 | 1 | 3 | |a La historia de la salvación en la Carta a los romanos / |c S. Lyonnet ; tr. por Luis Bittini. |
| 264 | 4 | |a Salamanca, España : |b Sígueme, |c 1967, c1967 | |
| 300 | |a 232 p. | ||
| 336 | |a texto |b txt |2 rdacontenido | ||
| 337 | |a sin mediación |b n |2 rdamedio | ||
| 338 | |a volumen |b nc |2 rdasoporte | ||
| 440 | |a (Nueva Alianza ; |v 10) | ||
| 500 | |a Traducción de: La storia della salvezza nella lettera ai romani | ||
| 520 | |a Estudio que analiza el tema de la salvación del que escribe el apóstol Pablo en su carta que dirige a los romanos, la cual ha influido no sólo en la doctrina de la Iglesia católica, sino en la gestación de la teología de Lutero, Calvino y Melanchton. Las cuestiones que aborda el autor tratan sobre el pecado del hombre y el pecado original, la ley del espíritu y la redención, la justicia divina y la salvación, el misterio de la Iglesia y el valor de la resurrección de Cristo. | ||
| 649 | |a XX | ||
| 650 | |a Iglesia Católica | ||
| 650 | |a Jesucristo - |x Resurrección | ||
| 650 | |a Pecado Original | ||
| 650 | |a Redención | ||
| 650 | |a Salvación | ||
| 650 | |a Biblia - |x Nuevo Testamento - |x Epístolas de Pablo - |x Romanos - |x Historia y Crítica - |x Tema Principal | ||
| 650 | |a Libros Sagrados - |x Historia y Crítica | ||
| 650 | |a Teología Doctrinal | ||
| 650 | |a Catolicismo | ||
| 650 | |a Cristianismo | ||
| 650 | |a Religión | ||
| 910 | |a Fondo Jesús Vergara Aceves S.J. | ||
| 920 | |a Impresos - Libros | ||
| 930 | |a Fondos Especiales | ||
| 905 | |a 119 | ||
| 901 | |a 0500134472 |b IT2 |c ESP |u 20250521 | ||
| 902 | |a https://opac.biblio.iteso.mx/vufind/Record/000411750 | ||